000 03146nam a2200373Ia 4500
001 CRC0KE12182PDF
003 BD-DhSAU
005 20151012144306.0
006 m|||||o||d||||||||
007 cr||||
008 130619s2013 fluad sb 001 0 eng d
020 _a9781439847893 (ebook : PDF)
040 _aBD-DhSAU
_cBD-DhSAU
090 _aRM251
_b.G74 2013
092 _a615.321
_bG795
245 0 0 _aGreen tea polyphenols
_h[electronic resource] :
_bnutraceuticals of modern life /
_ceditors, Lekh R. Juneja, Mahendra P. Kapoor, Tsutomu Okubo, Theertham P. Rao.
260 _aBoca Raton :
_bTaylor & Francis,
_c2013.
300 _axiii, 348 p. :
_bill.
500 _a"A CRC title."
504 _aIncludes bibliographical references and index.
505 0 _a1. Green tea : history, processing techniques, principles, traditions, features, and attractions / Mahendra P. Kapoor ... [et al.] -- 2. Biochemical and physicochemical characteristics of green tea polyphenols / Takashi Tanaka, Yosuke Matsuo, and Isao Kouno -- 3. Metabolism, bioavailability, and safety features of green tea polyphenols / Shiming Li and Chi-Tang Ho -- 4. Green tea polyphenols for cancer risk reduction : preclinical and epidemiological studies / Naghma Khan ... [et al.] -- 5. Chemopreventive action of green tea polyphenols (molecular-biological mechanisms) / Vijay S. Thakur and Sanjay Gupta -- 6. Green tea prevents ultraviolet radiation-induced skin cancer through rapid repair of DNA damage / Santosh K. Katiyar -- 7. Green tea polyphenols in cardiovascular diseases / Hla-Hla Htay ... [et al.] -- 8. Green tea polyphenols in weight management (obesity) and diabetes / Tadashi Sakuma ... [et al.] -- 9. Green tea polyphenols for the protection of internal organs : focus on renal damage caused by oxidative stress / Takako Yokozawa ... [et al.] -- 10. Green tea polyphenols improve bone and muscle quality / Olivier M. Dorchies and Urs T. Ruegg -- 11. role of green tea polyphenols in strengthening the immune system / Jack F. Bukowski -- 12. Green tea polyphenols in allergic remedies / Hirofumi Tachibana -- 13. Green tea polyphenols and gut health / Theertham P. Rao ... [et al.] -- 14. Green tea polyphenols in oral care / Kazuko Takada and Masatomo Hirasawa -- 15. Nutrigenomics and proteomics of tea polyphenols / Molay K. Roy and Yoshinori Mine -- 16. Green tea polyphenols in food and nonfood applications / Mahendra P. Kapoor ... [et al.].
530 _aAlso available in print edition.
538 _aMode of access: World Wide Web.
650 0 _aGreen tea
_xTherapeutic use.
650 0 _aPlant polyphenols
_xHealth aspects.
650 0 _aFunctional foods.
655 7 _aElectronic books.
_2lcsh
700 1 _aJuneja, Lekh R.,
_eeditor of compilation.
700 1 _aKapoor, Mahendra P.,
_eeditor of compilation.
700 1 _aOkubo, Tsutomu,
_eeditor of compilation.
700 1 _aRao, Theertham,
_eeditor of compilation.
776 1 _z9781439847886 (hardcover : alk. paper)
856 4 0 _uhttp://marc.crcnetbase.com/isbn/9781439847893
_qapplication/PDF
999 _c11799
_d11798